000
00331cam a2200145ua 4500
041
_a
eng
_h
082
_a
822
_b
END/SE
100
_a
Endicott, M.
245
_a
Seven little plays /
_c
M Endicott.
_h
Textual Documents
260
_a
London :
_b
Longman ,
_c
1967.
300
_a
64 ; .
504
_a
942
_c
BK
999
_c
493
_d
493